慢慢來,比較快

資料類型: Book 圖書   書目號:38509

Leader xxxxxxxxxx
001 __ PCLIS00038509
005 __ 20220222091257.0
010 0_ |a978-986-6899-84-3|b平裝|dNT$280
100 __ |a20071127d2007    em y0chiy09      e
101 0_ |achi
102 __ |atw
105 __ |aa   z   000cy
200 1_ |a慢慢來,比較快|f九把刀著
205 __ |a初版
210 __ |a臺北市|c春天出版|a臺北縣新店市|c貞德總經銷|d2007[民96]
215 0_ |a249面|c|d21公分|e1 VCD
225 2_ |a九把刀電影院|v7
300 __ |a附件光碟內容為"人,生的逗點 : 在二水痛快發呆的日子"紀錄片
410 _0 |12001 |a九把刀電影院|v7
517 1_ |a人,生的逗點|e在二水痛快發呆的日子|zeng
681 __ |a855|b8656
700 _1 |a九把刀|4801 _0 |atw|內湖高中|c20071127|gCCR
詳細館藏(共 1 筆)
索 書 號登 錄 號冊次號館別 / 館藏地流通類型狀態加入預約清單電子資源
855 / 8656 1016225  圖書館 / 一樓普通區 可外借30天 在館   

| 條列資料




目錄查詢 分類查詢 個人資料 圖書薦購 新書查詢 閉館日 排行榜 更多電子資源 Hami書城 線上資料庫 登出

From : 216.73.216.116

  本日流通累計至 00:05:30 借閱 : 0 次 續借 : 0 次 歸還 : 0 次 預約 : 0 次 電子資源 : 0 次


內湖高中圖書館  PCLIS 版本  25.5.0.2